| 000 | nam a22 a 4500 | ||
|---|---|---|---|
| 999 |
_c117204 _d117204 |
||
| 003 | BLK | ||
| 005 | 20211026163433.0 | ||
| 008 | 180409b bul|||||r ||||||| ||bul|| | ||
| 010 | _aKNG00122790000 | ||
| 040 | _aBLK | ||
| 041 |
_aBUL _cBUL |
||
| 080 |
_aПартии и движения със социалистически и социалдемократически възгледи. Социалистически и социалдемократически партии. Вж и 327. 323 _b329.14 _z329.14 |
||
| 100 | 1 |
_aАзизян, Атък Кегамович _eпърви автор _9315095 |
|
| 139 |
_aАзизян, Атък Кегамович _bА 36 |
||
| 245 | 1 | 0 |
_aПролетарският интернационализъм - вярно оръжие в борбата за социализъм, за свобода, равноправие и дружба на народите _cАтък Кегамович Азизян; прев. от рус. Лазар Младенов. |
| 257 | _aSUN | ||
| 260 |
_bБКП _c1958 _aСофия |
||
| 300 |
_a104 с. _c22 см |
||
| 380 | _a3 | ||
| 500 | _a20 000 тир. - Библиогр. под линия | ||
| 650 | 4 |
_aИнтернационализъм _9157335 |
|
| 650 | 4 |
_aМорал, социалистически _9315096 |
|
| 653 | _aинтернационализъм | ||
| 653 | _aсоциализъм | ||
| 700 | 1 |
_aМладенов, Лазар _eпрев. от рус. _9367242 |
|
| 852 |
_aЦб 9953 _bО |
||
| 856 | 4 | _qpdf | |
| 856 | 4 | _qpdf | |
| 942 |
_cKNG _n0 _s1 |
||
| 944 |
_aCR _c09.04.2011 _lдобави в АБ / 08.04.2011 _kГеновева_Генчева |
||
| 944 |
_aED _c04.05.2011 _lдобави в АБ / 08.04.2011 |
||
| 944 |
_aED _c2021-10-26 _l2021-10-26 |
||
| 999 | _d117204 | ||